000 00772nam a2200241 i 4500
001 23439
003 ES-MaACL
005 20240125210504.0
007 t|
008 021210s1985 sp ||||1| spa d
020 _a84-505-1318-9
100 1 _aAlvarez Gómez-Pallete, José María.
_920827
245 1 3 _aLa aduana en el Mercado Común /
_cJosé Mª Alvarez Gómez-Pallete ; prólogo de José Luis Sampedro.
260 _aMadrid :
_bBanco Exterior de España,
_c1985.
300 _a220 p. ;
_c23 cm.
490 1 _aSerie CEE
504 _aBibliografía.
700 1 _aSampedro, José Luis,
_d1917-2013
_9102185
710 2 _aBanco Exterior de España.
_92123
830 0 _aSerie CEE
_9182095
852 _aES-MaACL
_jL-8159
_bR.108756
999 _c23439
_d23439